000 00295nam a22001337a 4500
008 170313b xxu||||| |||| 00| 0 eng d
020 _a0133382036
041 _aeng
080 _23 ED
_a591
100 _a7
101 _aSHM
245 _aFUNDAMENTALS ENTOMOLOGY
_cELZINGA.R.J
942 _2udc
_cBK
999 _c7656
_d7656